| 000 | 00507nam a2200181Ia 4500 | ||
|---|---|---|---|
| 005 | 20250326124233.0 | ||
| 008 | 250326s9999 xx 000 0 und d | ||
| 037 | _aTextbook | ||
| 040 |
_aFMSL _beng _cFMSL |
||
| 041 |
_aeng _2eng |
||
| 084 |
_aX:513(S:3) K6 _qFMSL |
||
| 100 |
_aStarch D _9737059 |
||
| 245 | 0 |
_aMeasuring advertising readership and results _cStarch D |
|
| 260 |
_aNY _bNY, McGraw-Hill _c1966 |
||
| 300 | _a270p | ||
| 942 |
_cTB _hX:513(S:3) K6 |
||
| 999 |
_c1272887 _d1272887 |
||